Správa z podujatia Slávnostná akadémia pri príležitosti 70. výročia vzdelávania podnikových ekonómov na Podnikovohospodárskej fakulte Ekonomickej univerzity v Bratislave so sídlom v Košiciach

Enregistré dans:
Détails bibliographiques
Auteur principal: Štofová, Lenka, 1989-
Format: Chapitre de livre
Langue:slovaque
Tags: Ajouter un tag
Pas de tags, Soyez le premier à ajouter un tag!

MARC

LEADER 00000naa a2200000 4500
001 0290110
005 20240619113158.6
041 0 |a slo 
044 |a SK 
245 1 0 |a Správa z podujatia Slávnostná akadémia pri príležitosti 70. výročia vzdelávania podnikových ekonómov na Podnikovohospodárskej fakulte Ekonomickej univerzity v Bratislave so sídlom v Košiciach  |c Lenka Štofová 
100 1 |a Štofová, Lenka, 1989-